| 000 | 00662nam a2200193 a 4500 | ||
|---|---|---|---|
| 005 | 20210223121310.0 | ||
| 008 | 991125s1977 es 000 0 spa u | ||
| 020 | _a8430301666 | ||
| 035 | _aUPN01000015309 | ||
| 049 | _aC | ||
| 050 | 4 |
_aPC4645 P6 _bO7.3 1977 |
|
| 100 | 1 | _aOrtega Cavero, David | |
| 245 | 1 | 0 |
_aDiccionario portugués-español, español-portugués / _cpor David Ortega Cavero ; rev. y puesta al día por Júlio De Conceico Fernandez. |
| 260 |
_aBarcelona, Esp. : _bR. Sopena, _c1977. |
||
| 300 | _a1856 p. | ||
| 650 | 4 |
_aESPAÑOL - _vDICCIONARIOS - _xPORTUGUES _922776 |
|
| 650 | 4 |
_aPORTUGUES - _vDICCIONARIOS - _xESPAÑOL _926119 |
|
| 905 | _aLibro | ||
| 999 |
_c15309 _d15309 |
||